Comparative study of two rice cultivation methode in chhouk district, kampot province, (សិក្សាប្រៀបធៀបវីធីសាស្រ្តពីយ៉ាងក្នុងការដាំដុះដំណាំស្រូវ នៅស្រុកឈូក ខេត្តកំពត). (Record no. 731)

000 -LEADER
fixed length control field 00680nam a22001577a 4500
003 - CONTROL NUMBER IDENTIFIER
control field OSt
005 - DATE AND TIME OF LATEST TRANSACTION
control field 20150918141055.0
008 - FIXED-LENGTH DATA ELEMENTS--GENERAL INFORMATION
fixed length control field 150918b xxu||||| |||| 00| 0 eng d
040 ## - CATALOGING SOURCE
Transcribing agency RUA
082 ## - DEWEY DECIMAL CLASSIFICATION NUMBER
Classification number AGR SOP 2006 BO33 Or.1
100 ## - MAIN ENTRY--PERSONAL NAME
9 (RLIN) 763
Numeration SOPHAN, KAMHCHNA
245 ## - TITLE STATEMENT
Title Comparative study of two rice cultivation methode in chhouk district, kampot province, (សិក្សាប្រៀបធៀបវីធីសាស្រ្តពីយ៉ាងក្នុងការដាំដុះដំណាំស្រូវ នៅស្រុកឈូក ខេត្តកំពត).
260 ## - PUBLICATION, DISTRIBUTION, ETC. (IMPRINT)
Place of publication, distribution, etc. phnom phen
Name of publisher, distributor, etc. RUA
Date of publication, distribution, etc. 2006
300 ## - PHYSICAL DESCRIPTION
Extent XIII,48p.
Other physical details ill.
Dimensions 29cm.
942 ## - ADDED ENTRY ELEMENTS (KOHA)
Source of classification or shelving scheme
Koha item type AGR
Holdings
Price effective from Date last seen Permanent Location Not for loan Date acquired Source of classification or shelving scheme Koha item type Lost status Withdrawn status Date last checked out Total Checkouts Shelving location Damaged status Barcode Current Location Full call number
2015-09-182024-07-08Library Block B 2015-09-18 AGR  2024-06-263B033 RUA002549Library Block BAGR SOP 2006 BO33 Or.1
មជ្ឈមណ្ឌលឯការនៃសាកលវិទ្យាល័យភូមិន្ទកសិកម្មចំការដូង

Powered by Koha